Szczegóły MARC21

Zróżnicowanie systemu wartości społeczeństwa polskiego. Cz 3, Społeczne mechanizmy kształcenia się systemu wartości /

003 -Nazwa inst., której nr kontr. jest w polu 001 [,]
    • @
    • Nazwa instytucji, której n kontrolny jest w polu 001
    • NUKAT
005 -DATA I CZAS OSTATNIEJ MODYFIKACJI [,]
    • @
    • pole kontrolne
    • 20241231111853.0
040 -Instytucja sporządzająca opis [ , ]
    • a
    • Instytucja, która sporządziła opis (NP)
    • WA U/92DM
    • c
    • Instytucja, która sporządziła rekord (NP)
    • WA U/92DM
    • d
    • Instytucja, która zmodyfikowała rekord (P)
    • WA U/92DM
942 -Rodzaj dokumentu [ , ]
    • c
    • Rodzaj dokumentu
    • Książka
100 -Hasło główne - nazwa osobowa [1, ]
    • a
    • Nazwa osobowa (NP)
    • Misztal-Cole, Maria.
    • 9
    • KHW
    • 607723
245 -Strefa tytułu i oznaczenia odpowiedzialności [1,0]
    • a
    • Tytuł
    • Zróżnicowanie systemu wartości społeczeństwa polskiego. Find
    • n
    • Oznaczenie części (P)
    • Cz 3,
    • p
    • Nazwa części (P)
    • Społeczne mechanizmy kształcenia się systemu wartości /
    • c
    • Pozostałe elementy strefy tytułu i oznaczenia odpowiedzialności (NP)
    • Maria Misztal.
246 -Wariant tytułu [3,0]
    • a
    • Tytuł (NP)
    • Społeczne mechanizmy kształcenia się systemu wartości
260 -Strefa adresu wydawniczego [ , ]
    • a
    • Miejsce wydania (P)
    • Warszawa :
    • b
    • Nazwa wydawcy (P)
    • IS UW,
    • c
    • Data wydania (P)
    • 1982.
300 -Strefa opisu fizycznego [ , ]
    • a
    • Określenie formy książki i/lub objętość (NP)
    • [1], 128-198 s. :
    • b
    • Oznaczenie ilustracji (NP)
    • il. ;
    • c
    • Format (NP)
    • 21 cm.
336 -Typ zawartości [ , ]
    • a
    • Termin opisujący typ zawartości
    • Tekst
    • b
    • Kod określający zawartość
    • txt
    • 2
    • Źródło (terminu i kodu)
    • rdacontent
337 -Typ mediów [ , ]
    • a
    • Tryb odtwarzania
    • Bez urządzenia pośredniczącego
    • b
    • Kod typu mediów
    • n
    • 2
    • Źródło (terminu i kodu)
    • rdamedia
338 -Typ/rodzaj nośnika [ , ]
    • a
    • Hasło opisujące typ nośnika
    • Wolumin
    • b
    • Kod typu nośnika
    • nc
    • 2
    • Źródło (terminu i kodu)
    • rdacarrier
490 -Strefa serii i książki wielotomowej - forma nie do wyszukiwania [1, ]
    • a
    • Tytuł (P)
    • Instytut Socjologii Uniwersytetu Warszawskiego. Zespół Badań Socjologicznych nad Problemami Oświaty ; Find
    • v
    • Numeracja (P)
    • z. 27
830 -Hasło dodatkowe serii i opisu książki wielotomowej - tytuł ujednolicony/tytuł [ ,0]
    • a
    • Tytuł ujednolicony/tytuł (NP)
    • Instytut Socjologii Uniwersytetu Warszawskiego.
    • p
    • Nazwa części/podserii/sekcji (P)
    • Zespół Badań Socjologicznych nad Problemami Oświaty
    • v
    • Oznaczenie tomu (NP)
    • z. 27
    • 9
    • KHW
    • 60301
500 -Uwaga ogólna [ , ]
    • a
    • Uwaga ogólna (NP)
    • Ciągłość liczbowania stron.
536 -Uwaga dot. finansowania książki [ , ]
    • a
    • Tekst uwagi
    • Badania realizowane w ramach Międzynarodowego Problemu III.2 "Ekonomiczne, społeczne i polityczne mechanizmy kształtowania i zaspakajania potrzeb społecznych". Temat realizowany przy współpracy Zakładu Badań Czytelnictwa Młodzieżowej Agencji Wydawniczej
080 -Uniwersalna Klasyfikacja Dziesiętna [ , ]
    • a
    • Symbol klasyfikacji
    • 316.75(438)
980 -Symbol UKD [ , ]
    • a
    • UKD
    • 316.75(438)
Data inwentaryzacji Lokalizacja Status udost. Numer inwentarzowy
2003-09-23BG1Pd.15551